| 000 | 00562nam a22001697a 4500 | ||
|---|---|---|---|
| 003 | NUST | ||
| 038 | _aNusrat Nadeem | ||
| 082 | _a200 | ||
| 100 |
_aNaz Kanwal _9124177 |
||
| 245 |
_aDevelopment and Analysis of Bacterial Pangenome and Reverse Vaccinology based Pipeline (PanRV)/ _cKanwal Naz |
||
| 264 |
_aIslamabad; _bASAB NUST; _c2022. |
||
| 300 |
_a169,p; _bill; _c30,cm. |
||
| 650 |
_aPhD-Industrial Biotechnology _9123908 |
||
| 700 |
_aSupervisor:Dr.Amjad Ali _9123906 |
||
| 856 | _uhttp://10.250.8.41:8080/xmlui/handle/123456789/30207 | ||
| 942 |
_2ddc _cSC |
||
| 999 |
_c610117 _d610117 |
||